Laws and Principles of Quranic Sociology (Record no. 87)

000 -LEADER
fixed length control field 00475 a2200169 4500
003 - CONTROL NUMBER IDENTIFIER
control field OSt
005 - DATE AND TIME OF LATEST TRANSACTION
control field 20170105095818.0
008 - FIXED-LENGTH DATA ELEMENTS--GENERAL INFORMATION
fixed length control field 160615b xxu||||| |||| 00| 0 eng d
020 ## - INTERNATIONAL STANDARD BOOK NUMBER
International Standard Book Number 0
040 ## - CATALOGING SOURCE
Transcribing agency 0
082 ## - DEWEY DECIMAL CLASSIFICATION NUMBER
Classification number 341.297 ALI 1971
100 ## - MAIN ENTRY--PERSONAL NAME
Personal name Dr. M. Basharat Ali
245 ## - TITLE STATEMENT
Title Laws and Principles of Quranic Sociology
Statement of responsibility, etc. Dr. M. Basharat Ali
260 ## - PUBLICATION, DISTRIBUTION, ETC.
Place of publication, distribution, etc. Karachi, Pakistan
Name of publisher, distributor, etc. The Jamiyat ul Falah Publications
Date of publication, distribution, etc. 1971
300 ## - PHYSICAL DESCRIPTION
Extent 143 p.
Other physical details PB
942 ## - ADDED ENTRY ELEMENTS (KOHA)
Koha item type Book
Call number prefix 341.297 ALI
Source of classification or shelving scheme
Holdings
Withdrawn status Lost status Source of classification or shelving scheme Damaged status Not for loan Permanent Location Current Location Date acquired Total Checkouts Full call number Barcode Date last seen Price effective from Koha item type
          Institute of Environmental Science and Engineering (IESE) Institute of Environmental Science and Engineering (IESE) 12/07/2016   341.297 ALI 1971 IESE-1547 12/07/2016 12/07/2016 Book
          Institute of Environmental Science and Engineering (IESE) Institute of Environmental Science and Engineering (IESE) 12/07/2016   341.297 ALI 1971 IESE-1548 12/07/2016 12/07/2016 Book
© 2023 Central Library, National University of Sciences and Technology. All Rights Reserved.